000 00768nam a2200289Ia 4500
005 20260324130434.0
008 008 260324s9999 xx 000 0 eng d
020 _a9780203963616
037 _aEBOOK
040 _aCRL
040 _beng
040 _cCRL
041 _2eng
041 _aeng
084 _qCRL
100 _aMark Hardcastle; David Kennard; Sheila Grandison; Leonard Fagin
_91181779
245 0 _aExperiences of Mental Health In-patient Care
245 0 _bNarratives From Service Users, Carers and Professionals
260 _bTaylor and Francis
260 _c2007
365 _a
365 _b170
856 _uhttp://www.taylorfrancis.com/books/9780203963616
942 _cEBOOK
999 _c1777957
_d1777957